West point today (Record no. 358988)

000 -LEADER
fixed length control field 00394cam a22001457a 4500
008 - FIXED-LENGTH DATA ELEMENTS--GENERAL INFORMATION
fixed length control field 180718b1957 xxu||||| |||| 00| 0 eng d
082 ## - DEWEY DECIMAL CLASSIFICATION NUMBER
Classification number N1208x73 B227
100 ## - MAIN ENTRY--PERSONAL NAME
Personal name Banning, K.
245 ## - TITLE STATEMENT
Title West point today
Statement of responsibility, etc. by Banning K. and A.C.M. Azoy
250 ## - EDITION STATEMENT
Edition statement rev. ed.
260 ## - PUBLICATION, DISTRIBUTION, ETC.
Place of publication, distribution, etc. New York
Name of publisher, distributor, etc. Coward-McCann
Date of publication, distribution, etc. 1957
300 ## - PHYSICAL DESCRIPTION
Extent 256p.
650 ## - SUBJECT ADDED ENTRY--TOPICAL TERM
Topical term or geographic name entry element Military education - USA
700 ## - ADDED ENTRY--PERSONAL NAME
Personal name Azoy, A.C.M.
Holdings
Withdrawn status Lost status Damaged status Not for loan Permanent Location Current Location Date acquired Full call number Barcode Date last seen Price effective from Koha item type
        Indian Institute of Public Administration Indian Institute of Public Administration 1994-02-04 N1208x73 B227 6578 2018-07-21 2018-07-21 Book

Powered by Koha